[Event "Catalunya-chT Gp2"]
[Site "Barcelona"]
[Date "2019.02.02"]
[Round "3.7"]
[White "Obon Temprano, Sergi"]
[Black "Prat Llables, Joan"]
[Result "1-0"]
[WhiteElo "2273"]
[BlackElo "2120"]
[PlyCount "67"]
[EventDate "2019.01.19"]
[EventType "team-tourn"]
[EventRounds "7"]
[EventCountry "ESP"]
[SourceTitle "CBM 188 Extra"]
[Source "ChessBase"]
[SourceDate "2019.02.26"]
[SourceVersion "1"]
[SourceVersionDate "2019.02.26"]
[SourceQuality "1"]
[WhiteTeam "Barbera"]
[BlackTeam "Tres Peons"]
[WhiteTeamCountry "ESP"]
[BlackTeamCountry "ESP"]

1. e4 c5 2. Nf3 Nc6 3. d4 cxd4 4. Nxd4 Nf6 5. Nc3 e5 6. Ndb5 d6 7. Bg5 a6 8. Na3 Be6 9. Nc4 Rb8 10. Ne3 Be7 11. Bxf6 Bxf6 12. Bd3 Bg5 13. Ncd5 0-0 14. 0-0 Ne7 15. c4 Bxd5 16. cxd5 Bxe3 17. fxe3 Qb6 18. Qd2 Rbc8 19. Rf3 a5 20. Raf1 Qb4 21. Qf2 f6 22. Rh3 a4 23. Rb1 a3 24. Qe2 axb2 25. Rxb2 Rc1+ 26. Kf2 Qa5 27. Rxb7 f5 28. Rf3 fxe4 29. Rxf8+ Kxf8 30. Bxe4 Nxd5 31. Rb5 Qa4 32. Qb2 Qxe4 33. Qxc1 Nc7 34. Qxc7 1-0

[Event "Catalunya-chT GpA final"]
[Site "Barcelona"]
[Date "2018.04.07"]
[Round "3.6"]
[White "Fernandez Madrid, Carlos"]
[Black "Prat Llables, Joan"]
[Result "1-0"]
[WhiteElo "2038"]
[BlackElo "2146"]
[PlyCount "84"]
[EventDate "2018.03.10"]
[EventType "team-tourn"]
[EventRounds "4"]
[EventCountry "ESP"]
[SourceTitle "CBM 183 Extra"]
[Source "ChessBase"]
[SourceDate "2018.04.19"]
[SourceVersion "1"]
[SourceVersionDate "2018.04.19"]
[SourceQuality "1"]
[WhiteTeam "Sant Josep de Badalona"]
[BlackTeam "Tres Peons"]
[WhiteTeamCountry "ESP"]
[BlackTeamCountry "ESP"]

1. d4 Nf6 2. c4 g6 3. Nc3 Bg7 4. e4 d6 5. Nf3 0-0 6. h3 e5 7. d5 Nh5 8. g3 f5 9. exf5 gxf5 10. Be2 Qe8 11. c5 Na6 12. cxd6 cxd6 13. Nb5 Qe7 14. Bg5 Bf6 15. Bxf6 Nxf6 16. Rc1 Kh8 17. a3 Nd7 18. g4 f4 19. Nc7 Nxc7 20. Rxc7 Qd8 21. Qc2 e4 22. Qc3+ Qf6 23. Ng5 Qxc3+ 24. bxc3 Nf6 25. Nf7+ Kg8 26. Nxd6 Nxd5 27. Bc4 Be6 28. Rxb7 e3 29. 0-0 Rab8 30. Rxa7 Rb6 31. Nf5 Nxc3 32. Nh6+ Kh8 33. Bd3 Bg8 34. Nxg8 exf2+ 35. Rxf2 Kxg8 36. Bxh7+ Kh8 37. Bf5 Nd5 38. Rh7+ Kg8 39. Rd7 Nf6 40. Rd3 Nh5 41. Be4 Rb1+ 42. Kg2 Ng3 1-0

[Event "Catalunya-chT GpA final"]
[Site "Barcelona"]
[Date "2018.03.10"]
[Round "1.9"]
[White "Prat Llables, Joan"]
[Black "Fernandez Lozano, Francesco"]
[Result "1/2-1/2"]
[WhiteElo "2146"]
[BlackElo "1967"]
[PlyCount "79"]
[EventDate "2018.03.10"]
[EventType "team-tourn"]
[EventRounds "4"]
[EventCountry "ESP"]
[SourceTitle "CBM 183 Extra"]
[Source "ChessBase"]
[SourceDate "2018.04.19"]
[SourceVersion "1"]
[SourceVersionDate "2018.04.19"]
[SourceQuality "1"]
[WhiteTeam "Tres Peons"]
[BlackTeam "Mollet"]
[WhiteTeamCountry "ESP"]
[BlackTeamCountry "ESP"]

1. e4 d5 2. exd5 Qxd5 3. Nc3 Qd6 4. d4 Nf6 5. Bc4 a6 6. Nge2 b5 7. Bb3 Bb7 8. Bf4 Qd8 9. 0-0 g6 10. Re1 Bg7 11. Qd2 0-0 12. Rad1 Nbd7 13. Ng3 Nb6 14. Bh6 e6 15. Bxg7 Kxg7 16. Qf4 Qd6 17. Qh4 Rad8 18. Nce4 Bxe4 19. Nxe4 Nxe4 20. Qxe4 c6 21. c3 Rd7 22. h3 Rfd8 23. Qe5+ Qxe5 24. Rxe5 Rd6 25. Kf1 a5 26. a3 Nd7 27. Ree1 Kf6 28. Ke2 Nb6 29. Rd3 Nc4 30. Bxc4 bxc4 31. Rd2 Rb8 32. Kd1 Rb5 33. Kc1 h5 34. Kc2 g5 35. Re4 Rf5 36. Rde2 h4 37. Kc1 Rdd5 38. Kc2 Kg6 39. Kc1 Kf6 40. Kc2 1/2-1/2

[Event "Catalunya-chT Gp1"]
[Site "Barcelona"]
[Date "2018.03.03"]
[Round "7.9"]
[White "Colls Gelaberto, Emilio"]
[Black "Prat Llables, Joan"]
[Result "1-0"]
[WhiteElo "2093"]
[BlackElo "2146"]
[PlyCount "113"]
[EventDate "2018.01.20"]
[EventType "team-tourn"]
[EventRounds "7"]
[EventCountry "ESP"]
[SourceTitle "EXT 2019"]
[Source "ChessBase"]
[SourceDate "2018.10.10"]
[SourceVersion "1"]
[SourceVersionDate "2018.10.10"]
[SourceQuality "1"]
[WhiteTeam "Figueres"]
[BlackTeam "Tres Peons"]
[WhiteTeamCountry "ESP"]
[BlackTeamCountry "ESP"]

1. Nf3 Nf6 2. c4 g6 3. Nc3 Bg7 4. e4 d6 5. d4 0-0 6. h3 e5 7. dxe5 dxe5 8. Qxd8 Rxd8 9. Nd5 Na6 10. Bg5 Rd6 11. Bxf6 Bxf6 12. Nxf6+ Rxf6 13. Rd1 b6 14. Rd8+ Kg7 15. Nxe5 Re6 16. Ng4 Bb7 17. Rxa8 Bxa8 18. Bd3 Nb4 19. Bb1 Bxe4 20. 0-0 Bd3 21. Bxd3 Nxd3 22. b3 a5 23. Ne3 c6 24. Rd1 Nc5 25. Rd8 Kf6 26. Rb8 Nd7 27. Rb7 Rd6 28. c5 Nxc5 29. Rxb6 Ne4 30. Nc4 Rd1+ 31. Kh2 Nd2 32. Rxc6+ Kg7 33. Kg3 Ne4+ 34. Kf3 Nc3 35. Nb2 Rd2 36. Rxc3 Rxb2 37. a3 h5 38. h4 Kh6 39. Ke3 f6 40. g3 g5 41. f3 Kg6 42. hxg5 Kxg5 43. Kd4 f5 44. Kc5 f4 45. gxf4+ Kxf4 46. Kb5 h4 47. Kxa5 h3 48. b4 Rb1 49. Rc4+ Kg3 50. Rg4+ Kxf3 51. Rh4 Kg3 52. Rh8 Re1 53. b5 Re5 54. a4 Re4 55. b6 h2 56. Rxh2 Kxh2 57. b7 1-0

[Event "Catalunya-chT GpA final"]
[Site "Barcelona"]
[Date "2017.03.25"]
[Round "3.8"]
[White "Rahal, Michael"]
[Black "Prat Llables, Joan"]
[Result "1/2-1/2"]
[WhiteElo "2323"]
[BlackElo "2138"]
[PlyCount "121"]
[EventDate "2017.03.11"]
[EventType "team-tourn"]
[EventRounds "11"]
[EventCountry "ESP"]
[SourceTitle "CBM 177 Extra"]
[Source "ChessBase"]
[SourceDate "2017.04.27"]
[SourceVersion "1"]
[SourceVersionDate "2017.04.27"]
[SourceQuality "1"]
[WhiteTeam "Colon Sabadell"]
[BlackTeam "Tres Peons"]
[WhiteTeamCountry "ESP"]
[BlackTeamCountry "ESP"]

1. e4 c5 2. Nf3 Nc6 3. d4 cxd4 4. Nxd4 Nf6 5. Nc3 e5 6. Ndb5 d6 7. Bg5 a6 8. Na3 b5 9. Nd5 Be7 10. Bxf6 Bxf6 11. c4 b4 12. Nc2 0-0 13. g3 a5 14. h4 Be6 15. Bh3 a4 16. b3 axb3 17. axb3 Rxa1 18. Qxa1 Bxd5 19. cxd5 Nd4 20. Nxd4 exd4 21. 0-0 Qe7 22. Qb1 Re8 23. Rc1 g6 24. Rc8 Rxc8 25. Bxc8 Qc7 26. Ba6 Qc3 27. Bc4 h5 28. Kg2 Kg7 29. Qd1 Qb2 30. Qf3 Qd2 31. Qe2 Qxe2 32. Bxe2 Bd8 33. f4 f6 34. Kf2 Bb6 35. Kf3 Bc7 36. Bb5 Kf7 37. g4 hxg4+ 38. Kxg4 d3 39. Bxd3 Bb6 40. Ba6 Bd4 41. Bc8 Kg7 42. Ba6 Bc3 43. f5 gxf5+ 44. Kxf5 Be5 45. Ke6 Bf4 46. Bb5 Be5 47. Be8 Bf4 48. Ke7 Be5 49. Bd7 Bg3 50. Bf5 Be5 51. Kd7 Bg3 52. Kc6 Be5 53. Kb5 Bc3 54. h5 Bd2 55. Bg6 Kf8 56. Bf5 Ke7 57. Kc4 Kd8 58. Kd3 Bh6 59. Kc4 Bd2 60. Kd3 Bh6 61. Kc4 1/2-1/2

[Event "Catalunya-chT Gp1"]
[Site "Barcelona"]
[Date "2017.01.21"]
[Round "1.9"]
[White "Prat Llables, Joan"]
[Black "Garcia Castellote, Oscar"]
[Result "0-1"]
[WhiteElo "2138"]
[BlackElo "2033"]
[PlyCount "84"]
[EventDate "2017.01.21"]
[EventType "team-tourn"]
[EventRounds "7"]
[EventCountry "ESP"]
[SourceTitle "CBM 176 Extra"]
[Source "ChessBase"]
[SourceDate "2017.03.02"]
[SourceVersion "1"]
[SourceVersionDate "2017.03.02"]
[SourceQuality "1"]
[WhiteTeam "Tres Peons"]
[BlackTeam "Peona I Peo"]
[WhiteTeamCountry "ESP"]
[BlackTeamCountry "ESP"]

1. e4 c5 2. c3 d5 3. exd5 Qxd5 4. d4 cxd4 5. cxd4 Nc6 6. Nf3 Bg4 7. Be2 e6 8. Nc3 Qd6 9. 0-0 Nf6 10. h3 Bh5 11. Qb3 Qb4 12. Bg5 Qxb3 13. axb3 Be7 14. Bxf6 Bxf6 15. d5 exd5 16. Nxd5 Bxb2 17. Ra2 0-0-0 18. Nf4 Bxf3 19. Bxf3 Be5 20. Bxc6 bxc6 21. Ne2 Kb7 22. Rc1 Rd3 23. Rac2 Rhd8 24. f4 Bc7 25. Rxc6 Bb6+ 26. Kh2 Rxb3 27. R1c2 a5 28. R6c4 f5 29. Nc3 Rb4 30. Na4 Rxc4 31. Rxc4 Rd2 32. Kg3 Rd3+ 33. Kh2 Rb3 34. Rc2 Rb4 35. Nc3 Rxf4 36. Nd5 Rd4 37. Ne7 g6 38. Nc6 Bc7+ 39. Kg1 Rd6 40. Ne7 Bb6+ 41. Kf1 a4 42. Ke2 Re6+ 0-1

[Event "Catalunya-chT Gp2"]
[Site "Barcelona"]
[Date "2016.03.05"]
[Round "7.2"]
[White "Mitjavila, Badia Josep"]
[Black "Prat Llables, Joan"]
[Result "0-1"]
[WhiteElo "2094"]
[BlackElo "2144"]
[PlyCount "76"]
[EventDate "2016.01.23"]
[EventType "team-tourn"]
[EventRounds "7"]
[EventCountry "ESP"]
[SourceTitle "EXT 2017"]
[Source "ChessBase"]
[SourceDate "2016.10.25"]
[SourceVersion "1"]
[SourceVersionDate "2016.10.25"]
[SourceQuality "1"]
[WhiteTeam "Sant Boi"]
[BlackTeam "Tres Peons"]
[WhiteTeamCountry "ESP"]
[BlackTeamCountry "ESP"]

1. d4 Nf6 2. Nf3 g6 3. c4 Bg7 4. Nc3 0-0 5. e4 d6 6. h3 e5 7. d5 Nh5 8. Bg5 Qe8 9. Qd2 a5 10. g4 Nf4 11. 0-0-0 Na6 12. Ne1 Nc5 13. f3 f5 14. exf5 gxf5 15. Bxf4 exf4 16. gxf5 Bxf5 17. Nd3 Qe3 18. Nxc5 Bxc3 19. bxc3 dxc5 20. Bg2 Rfe8 21. Rhe1 Qxd2+ 22. Kxd2 Kf7 23. Bf1 Rad8 24. Rxe8 Rxe8 25. Be2 Bxh3 26. Rh1 Bf5 27. Rh4 Kg6 28. Rxf4 Kg5 29. Rxf5+ Kxf5 30. Bd3+ Kf4 31. Bxh7 Rh8 32. Bc2 Rh2+ 33. Kc1 Kxf3 34. Kb2 Ke3 35. Kc1 Rh1+ 36. Kb2 Kd2 37. Be4 Rh6 38. Bc2 Rb6+ 0-1

[Event "Catalunya-chT GpA final"]
[Site "Barcelona"]
[Date "2015.03.14"]
[Round "8.3"]
[White "Prat Llables, Joan"]
[Black "Tallo Dominguez, Imar"]
[Result "0-1"]
[WhiteElo "2199"]
[BlackElo "2232"]
[PlyCount "60"]
[EventDate "2015.03.14"]
[EventType "team-tourn"]
[EventRounds "11"]
[EventCountry "ESP"]
[SourceTitle "EXT 2016"]
[Source "ChessBase"]
[SourceDate "2015.10.08"]
[SourceVersion "1"]
[SourceVersionDate "2015.10.08"]
[SourceQuality "1"]
[WhiteTeam "Tres Peons"]
[BlackTeam "Colon Sabadell"]
[WhiteTeamCountry "ESP"]
[BlackTeamCountry "ESP"]

1. e4 c5 2. c3 d5 3. exd5 Qxd5 4. d4 g6 5. Nf3 Bg7 6. Na3 cxd4 7. Bc4 Qd8 8. Qb3 e6 9. 0-0 Nc6 10. Nb5 a6 11. Na3 dxc3 12. Bg5 Nge7 13. bxc3 0-0 14. Be2 b5 15. Nc2 Qc7 16. Ne3 h6 17. Bh4 Nf5 18. Rac1 Nxh4 19. Nxh4 Bb7 20. Nf3 Rac8 21. c4 Na5 22. Qa3 Bxf3 23. cxb5 Qxc1 24. Rxc1 Bxe2 25. b6 Nb7 26. h3 Bd4 27. Re1 Bb5 28. Ng4 h5 29. Qe7 hxg4 30. Qxb7 g3 0-1

[Event "Catalunya-chT Gp1"]
[Site "Barcelona"]
[Date "2015.02.07"]
[Round "3.4"]
[White "Prat Llables, Joan"]
[Black "Rocabert Andreu, Guillem A"]
[Result "1/2-1/2"]
[WhiteElo "2199"]
[BlackElo "2205"]
[PlyCount "79"]
[EventDate "2015.01.24"]
[EventType "team-tourn"]
[EventRounds "7"]
[EventCountry "ESP"]
[SourceTitle "CBM 164 Extra"]
[Source "ChessBase"]
[SourceDate "2015.03.02"]
[SourceVersion "1"]
[SourceVersionDate "2015.03.02"]
[SourceQuality "1"]
[WhiteTeam "Tres Peons"]
[BlackTeam "Figueres"]
[WhiteTeamCountry "ESP"]
[BlackTeamCountry "ESP"]

1. e4 Nf6 2. e5 Nd5 3. d4 d6 4. c4 Nb6 5. exd6 cxd6 6. Nc3 g6 7. Be3 Bg7 8. Rc1 0-0 9. b3 f5 10. d5 f4 11. Bd4 e5 12. dxe6 Bxe6 13. Nf3 Nc6 14. Bxg7 Kxg7 15. Be2 Qe7 16. 0-0 Rad8 17. Nd4 Nxd4 18. Qxd4+ Qf6 19. Qxf6+ Kxf6 20. Bf3 d5 21. cxd5 Nxd5 22. Ne4+ Kg7 23. Nc5 Bc8 24. Rfd1 Nb4 25. Nxb7 Bxb7 26. Rc7+ Kh6 27. Rxb7 Rxd1+ 28. Bxd1 Nxa2 29. Rxa7 Rd8 30. Bf3 Rd2 31. Kf1 Nc1 32. b4 Rb2 33. Ra1 Nd3 34. Be2 Nxb4 35. Rd1 Na2 36. Bd3 Nc3 37. Rc1 Nd5 38. Be4 Nb4 39. Rb1 Rxb1+ 40. Bxb1 1/2-1/2

[Event "Catalunya-chT Gp1"]
[Site "Barcelona"]
[Date "2015.01.24"]
[Round "1.4"]
[White "Prat Llables, Joan"]
[Black "Ezquerro Luque, Albert"]
[Result "1/2-1/2"]
[WhiteElo "2199"]
[BlackElo "2059"]
[PlyCount "109"]
[EventDate "2015.01.24"]
[EventType "team-tourn"]
[EventRounds "7"]
[EventCountry "ESP"]
[SourceTitle "CBM 164 Extra"]
[Source "ChessBase"]
[SourceDate "2015.03.02"]
[SourceVersion "1"]
[SourceVersionDate "2015.03.02"]
[SourceQuality "1"]
[WhiteTeam "Tres Peons"]
[BlackTeam "Peona I Peo"]
[WhiteTeamCountry "ESP"]
[BlackTeamCountry "ESP"]

1. e4 e5 2. Nf3 Nc6 3. d4 exd4 4. Nxd4 Bc5 5. Nxc6 Qf6 6. Qd2 bxc6 7. Bd3 Ne7 8. 0-0 Ng6 9. Nc3 0-0 10. Qg5 Qe5 11. Na4 Bb6 12. Nxb6 axb6 13. Qe3 d6 14. f4 Qc5 15. Qxc5 bxc5 16. b3 Ba6 17. c4 f6 18. Be3 Rfe8 19. Kf2 Nf8 20. Rad1 Bc8 21. Bb1 g6 22. Rd2 Nd7 23. Kf3 Nf8 24. g4 Ne6 25. h4 Bb7 26. f5 Nf8 27. g5 fxg5 28. hxg5 Nd7 29. Bf4 Rf8 30. Rh1 Rae8 31. Rdh2 Rf7 32. Kg3 Nf8 33. Re1 gxf5 34. e5 Bc8 35. Rhe2 dxe5 36. Rxe5 Rxe5 37. Rxe5 Ng6 38. Re8+ Rf8 39. Rxf8+ Nxf8 40. Bxc7 Kf7 41. Bd6 Ng6 42. a4 Ke6 43. Bf4 Nf8 44. a5 Nd7 45. Bd3 Nf8 46. Be3 Ke5 47. Kf3 Ne6 48. Bd2 Nd4+ 49. Kg3 Nxb3 50. Bc3+ Nd4 51. Bd2 Ne6 52. Bc3+ Nd4 53. Bd2 Ne6 54. Bc3+ Nd4 55. Bd2 1/2-1/2

[Event "Catalunya-chT"]
[Site "Catalunya"]
[Date "2014.03.15"]
[Round "8.3"]
[White "Prat Llables, Joan"]
[Black "Boulan, Laura"]
[Result "1-0"]
[WhiteElo "2199"]
[BlackElo "2051"]
[PlyCount "109"]
[EventDate "2014.01.25"]
[EventType "team"]
[EventRounds "11"]
[EventCountry "ESP"]
[SourceTitle "EXT 2015"]
[Source "ChessBase"]
[SourceDate "2014.11.20"]
[SourceVersion "1"]
[SourceVersionDate "2014.11.20"]
[SourceQuality "1"]
[WhiteTeam "Tres Peons"]
[BlackTeam "Peona I Peo"]
[WhiteTeamCountry "ESP"]
[BlackTeamCountry "ESP"]

1. e4 d6 2. d4 e5 3. Nf3 exd4 4. Nxd4 Nf6 5. Nc3 Be7 6. Bf4 0-0 7. Qd2 c6 8. a4 Re8 9. Be2 Bf8 10. f3 Nbd7 11. 0-0 a5 12. Kh1 Ne5 13. Rad1 Ng6 14. Be3 Qe7 15. Nb3 Bd7 16. Bb6 Be6 17. Nd4 Bc8 18. Nb3 Nh5 19. f4 Nf6 20. Bf3 Bg4 21. Bxg4 Nxg4 22. Bxa5 d5 23. Bb6 dxe4 24. Be3 Qh4 25. g3 Qh3 26. Nc5 Bxc5 27. Bxc5 e3 28. Qe2 Nf2+ 29. Rxf2 exf2 30. Qxf2 Qf5 31. Bb6 h6 32. Qd2 Qg4 33. Qd3 Ne7 34. b3 Nf5 35. Kg1 h5 36. Ne4 h4 37. Nf2 Qe2 38. Qxf5 hxg3 39. hxg3 Re6 40. Qd3 Qh5 41. Kg2 f5 42. Rd2 Qe8 43. Qf3 Qe7 44. Nd3 Re4 45. Ne5 Qb4 46. Be3 Qc3 47. Kf2 Re8 48. Qe2 g5 49. Rd3 Qa5 50. Qh5 R4xe5 51. Qg6+ Kh8 52. Qf6+ Kg8 53. fxe5 Rxe5 54. Rd8+ Kh7 55. Rh8# 1-0

[Event "Catalunya-chT"]
[Site "Catalunya"]
[Date "2014.03.08"]
[Round "7.1"]
[White "Bru Rullo, Llatzer"]
[Black "Prat Llables, Joan"]
[Result "1/2-1/2"]
[WhiteElo "2152"]
[BlackElo "2199"]
[PlyCount "70"]
[EventDate "2014.01.25"]
[EventType "team"]
[EventRounds "11"]
[EventCountry "ESP"]
[SourceTitle "EXT 2015"]
[Source "ChessBase"]
[SourceDate "2014.11.20"]
[SourceVersion "1"]
[SourceVersionDate "2014.11.20"]
[SourceQuality "1"]
[WhiteTeam "Cerdanyola Valles"]
[BlackTeam "Tres Peons"]
[WhiteTeamCountry "ESP"]
[BlackTeamCountry "ESP"]

1. e4 c5 2. Nf3 Nc6 3. d4 cxd4 4. Nxd4 Nf6 5. Nc3 e5 6. Ndb5 d6 7. Bg5 a6 8. Na3 b5 9. Nd5 Be7 10. Bxf6 Bxf6 11. c4 b4 12. Nc2 0-0 13. g3 a5 14. Bg2 Bg5 15. 0-0 Be6 16. Qd3 Bxd5 17. cxd5 Nb8 18. a3 Na6 19. axb4 Nxb4 20. Nxb4 axb4 21. h4 Bh6 22. Ra6 Rxa6 23. Qxa6 Qc7 24. Qc6 Rc8 25. Ra1 Qb8 26. Qd7 Rc1+ 27. Rxc1 Bxc1 28. b3 g6 29. Bh3 Kg7 30. Be6 Qf8 31. Qc7 Bd2 32. Kg2 h5 33. g4 hxg4 34. Bxg4 Kf6 35. Qd7 Qe7 1/2-1/2

[Event "Catalunya-chT"]
[Site "Catalunya"]
[Date "2014.01.25"]
[Round "1.4"]
[White "Prat Llables, Joan"]
[Black "Avila Jimenez, Xavier"]
[Result "1-0"]
[WhiteElo "2199"]
[BlackElo "2220"]
[PlyCount "87"]
[EventDate "2014.01.25"]
[EventType "team"]
[EventRounds "11"]
[EventCountry "ESP"]
[SourceTitle "CBM 158 Extra"]
[Source "ChessBase"]
[SourceDate "2014.02.28"]
[SourceVersion "1"]
[SourceVersionDate "2014.02.28"]
[SourceQuality "1"]
[WhiteTeam "Tres Peons"]
[BlackTeam "Barcelona Escola Escacs"]
[WhiteTeamCountry "ESP"]
[BlackTeamCountry "ESP"]

1. e4 c6 2. d4 d5 3. e5 Bf5 4. Nf3 e6 5. Be2 Ne7 6. 0-0 c5 7. Be3 cxd4 8. Nxd4 Nbc6 9. c4 Nxd4 10. Bxd4 Nc6 11. cxd5 Qxd5 12. Bf3 Be4 13. Bxe4 Qxe4 14. Bc3 Be7 15. Qb3 0-0-0 16. Nd2 Qf5 17. Nc4 Rd3 18. Qa4 Rhd8 19. Rac1 Kb8 20. Na5 Nxa5 21. Bxa5 b6 22. Rc6 R3d4 23. Qb5 Qe4 24. Bxb6 Rb4 25. Bxa7+ Ka8 26. Qa6 Ra4 27. Rc8+ Rxc8 28. Qxc8+ Kxa7 29. Qd7+ Kb6 30. Qxe7 Qxe5 31. Rc1 Rc4 32. Qd8+ Kb7 33. Rd1 Rc7 34. Qd2 Qc5 35. b4 Qc4 36. h3 h5 37. a4 Kc8 38. a5 Kb7 39. Qd6 Qb5 40. Qd4 g6 41. Qe4+ Ka7 42. Rd8 Rc6 43. Qd4+ Kb7 44. Qd7+ 1-0

[Event "Barcelona Vila de Gracia op 7th"]
[Site "Barcelona"]
[Date "2013.11.29"]
[Round "7"]
[White "Perez Mitjans, Orelvis"]
[Black "Prat Llables, Joan"]
[Result "0-1"]
[WhiteElo "2418"]
[BlackElo "2171"]
[PlyCount "68"]
[EventDate "2013.10.11"]
[EventType "swiss"]
[EventRounds "9"]
[EventCountry "ESP"]
[SourceTitle "EXT 2015"]
[Source "ChessBase"]
[SourceDate "2014.11.20"]
[SourceVersion "1"]
[SourceVersionDate "2014.11.20"]
[SourceQuality "1"]

1. e4 c5 2. Nf3 Nc6 3. d4 cxd4 4. Nxd4 Nf6 5. Nc3 e5 6. Ndb5 d6 7. Nd5 Nxd5 8. exd5 Nb8 9. Qf3 Be7 10. Qc3 Na6 11. Be3 f5 12. Nxa7 f4 13. Bb6 Qxb6 14. Nxc8 Qb4 15. Bxa6 Qxc3+ 16. bxc3 bxa6 17. Nxe7 Kxe7 18. Rb1 Ra7 19. h4 Rc8 20. Rh3 Rc5 21. Rd3 Ra5 22. Rb2 Rc7 23. g3 e4 24. Rd4 fxg3 25. fxg3 Rxc3 26. Rxe4+ Kf6 27. Re6+ Kf5 28. Rxd6 Rxg3 29. c4 Rg1+ 30. Kd2 Ra3 31. Rb3 Rxa2+ 32. Kc3 Rg3+ 33. Kb4 a5+ 34. Kc5 Rxb3 0-1

[Event "Barcelona Tupinamba op 8th"]
[Site "Barcelona"]
[Date "2013.05.22"]
[Round "9"]
[White "Prat Llables, Joan"]
[Black "Daguro Dasalla, Armando"]
[Result "1-0"]
[WhiteElo "2182"]
[BlackElo "2003"]
[PlyCount "55"]
[EventDate "2013.03.13"]
[EventType "swiss"]
[EventRounds "9"]
[EventCountry "ESP"]
[SourceTitle "EXT 2014"]
[Source "ChessBase"]
[SourceDate "2013.11.20"]
[SourceVersion "1"]
[SourceVersionDate "2013.11.20"]
[SourceQuality "1"]

1. e4 e5 2. Nf3 Nc6 3. d4 exd4 4. Nxd4 Nxd4 5. Qxd4 Qf6 6. e5 Qg6 7. Nc3 Ne7 8. Bf4 Nc6 9. Qc4 Bb4 10. 0-0-0 Bxc3 11. Qxc3 0-0 12. Bc4 Qe4 13. g3 b5 14. Bd5 Qa4 15. Bb3 Qa6 16. h4 Na5 17. h5 Nxb3+ 18. axb3 Bb7 19. Rhe1 b4 20. Qxb4 Bf3 21. Rxd7 Qa1+ 22. Kd2 Qxb2 23. Qc3 Qxc3+ 24. Kxc3 Bxh5 25. Rxc7 Bg4 26. Ra1 a6 27. Ra5 Rfc8 28. Rxc8+ 1-0

[Event "Barcelona Tupinamba op 8th"]
[Site "Barcelona"]
[Date "2013.04.24"]
[Round "6"]
[White "Prat Llables, Joan"]
[Black "Prats Rodriguez, Juan Bosco"]
[Result "1/2-1/2"]
[WhiteElo "2182"]
[BlackElo "2040"]
[PlyCount "82"]
[EventDate "2013.03.13"]
[EventType "swiss"]
[EventRounds "9"]
[EventCountry "ESP"]
[SourceTitle "EXT 2014"]
[Source "ChessBase"]
[SourceDate "2013.11.20"]
[SourceVersion "1"]
[SourceVersionDate "2013.11.20"]
[SourceQuality "1"]

1. e4 d6 2. d4 Nf6 3. Nc3 g6 4. Bg5 Bg7 5. e5 dxe5 6. dxe5 Ng4 7. Qxd8+ Kxd8 8. Rd1+ Bd7 9. e6 fxe6 10. Bc4 Ke8 11. Nf3 Nc6 12. 0-0 Nce5 13. Nxe5 Nxe5 14. Nb5 Bxb5 15. Bxb5+ c6 16. Be2 Nf7 17. Be3 Nd6 18. c3 Kf7 19. Rfe1 Rhd8 20. a4 Nf5 21. Bc1 e5 22. g4 Rxd1 23. Rxd1 Nd6 24. Be3 b6 25. a5 bxa5 26. Ra1 Rb8 27. Ra2 Rb7 28. Bc1 e4 29. Kg2 c5 30. Rxa5 c4 31. Ra2 Ke6 32. Be3 Kd5 33. Bxa7 Bh6 34. Ra5+ Rb5 35. Ra2 Bc1 36. Bd4 Rxb2 37. Ra5+ Rb5 38. Ra7 Rb2 39. Ra5+ Rb5 40. Ra7 Rb2 41. Ra5+ Rb5 1/2-1/2

[Event "Barcelona Tupinamba op 8th"]
[Site "Barcelona"]
[Date "2013.04.17"]
[Round "5"]
[White "Gurri Mancera, Ferran"]
[Black "Prat Llables, Joan"]
[Result "1/2-1/2"]
[WhiteElo "2031"]
[BlackElo "2182"]
[PlyCount "150"]
[EventDate "2013.03.13"]
[EventType "swiss"]
[EventRounds "9"]
[EventCountry "ESP"]
[SourceTitle "EXT 2014"]
[Source "ChessBase"]
[SourceDate "2013.11.20"]
[SourceVersion "1"]
[SourceVersionDate "2013.11.20"]
[SourceQuality "1"]

1. d4 Nf6 2. c4 g6 3. Nc3 Bg7 4. e4 d6 5. f3 0-0 6. Be3 a6 7. Nge2 Nc6 8. Qd2 Rb8 9. d5 Ne5 10. Nd4 c5 11. dxc6 bxc6 12. Be2 h5 13. 0-0 c5 14. Nb3 Nfd7 15. Bh6 Nb6 16. Bxg7 Kxg7 17. Nd5 Nxd5 18. cxd5 Qb6 19. Rab1 Bd7 20. Qc3 Kg8 21. Kh1 Bb5 22. Bxb5 Qxb5 23. f4 Nd3 24. Rf3 c4 25. Nd4 Qb4 26. Qxb4 Rxb4 27. Nc6 Rxb2 28. Rxb2 Nxb2 29. Rc3 e6 30. Rc2 Nd3 31. Rxc4 Nxf4 32. e5 dxe5 33. d6 Nd5 34. Ra4 Kg7 35. Rxa6 Nf6 36. Nxe5 Rc8 37. h3 Rc5 38. d7 Rd5 39. Ra5 Rd1+ 40. Kh2 Nxd7 41. Nxd7 Rxd7 42. h4 Rd4 43. g3 Kf6 44. Kg2 e5 45. Ra7 Ke6 46. Kf2 f6 47. a4 Kf5 48. a5 Ra4 49. a6 Ra3 50. Ra8 Kg4 51. a7 Ra2+ 52. Ke3 Kxg3 53. Rg8 Rxa7 54. Rxg6+ Kxh4 55. Rxf6 Kg5 56. Rf8 Ra4 57. Rg8+ Kf5 58. Rf8+ Kg4 59. Rg8+ Kh3 60. Rg5 Kh4 61. Rxe5 Kg4 62. Re8 Kg3 63. Rh8 h4 64. Rg8+ Kh2 65. Kf2 Rf4+ 66. Ke3 Rf7 67. Ke2 h3 68. Rg6 Rf8 69. Rg7 Rf6 70. Rg8 Ra6 71. Rg7 Ra2+ 72. Kf1 Kh1 73. Rg1+ Kh2 74. Rg7 Ra1+ 75. Kf2 Kh1 1/2-1/2

[Event "Barcelona Tres Peons op"]
[Site "Barcelona"]
[Date "1999.??.??"]
[Round "5"]
[White "Prats Rodriguez, Juan Bosco"]
[Black "Prat Llables, Joan"]
[Result "0-1"]
[WhiteElo "2115"]
[BlackElo "2145"]
[PlyCount "44"]
[EventDate "1999.??.??"]
[EventType "swiss"]
[EventRounds "9"]
[EventCountry "ESP"]
[SourceTitle "EXT 2000"]
[Source "ChessBase"]
[SourceDate "1999.11.16"]
[SourceVersion "1"]
[SourceVersionDate "1999.11.16"]
[SourceQuality "1"]

1. e4 c5 2. Nc3 Nc6 3. g3 g6 4. Bg2 Bg7 5. d3 d6 6. Be3 e6 7. Qd2 Nge7 8. Bh6 Bxh6 9. Qxh6 Nd4 10. 0-0-0 b5 11. Qg7 Rg8 12. Qxh7 Qa5 13. Kb1 b4 14. Nce2 Nb5 15. Nf3 Rb8 16. Ka1 Rb6 17. Rb1 Ra6 18. Nc1 Rf8 19. Qh6 Nc6 20. h4 b3 21. cxb3 Nb4 22. a4 Qxa4+ 0-1